000 00740nam a2200229 i 4500
001 134097
003 ES-MaACL
005 20260129170030.0
007 t|
008 070905s1955 sp 00110 spa d
100 1 _aWust, Peter.
_9117456
245 1 0 _aIncertidumbre y riesgo /
_cPeter Wust ; [traducción de Vicente Marrero Suárez].
260 _aMadrid :
_bRialp,
_c1955 (
_fRivadeneyra)
300 _a304 p. ;
_c19 cm.
490 1 _aBiblioteca del pensamiento actual ;
_v32
650 4 _aEpistemología.
_912338
650 4 _aReligión-
_xFilosofía
_916799
700 1 _aMarrero, Vicente.
_977070
830 1 _aBiblioteca del pensamiento actual
_v32
_9181187
852 _aES-MaACL
_jC-10015
999 _c134097
_d134097